[Event "Xtracon Grand Master 2013"]
[Site "Asgaard Skole, Koge"]
[Date "2013.10.14"]
[Round "1.24"]
[White "Kokholm, Daniel"]
[Black "Christensen, Casper"]
[Result "1/2-1/2"]
[WhiteElo "1905"]
[BlackElo "1977"]
[PlyCount "104"]
[EventDate "2013.??.??"]
[WhiteTeam "Skakklubben K41"]
[BlackTeam "BMS Skak"]

1. e4 d6 2. d4 g6 3. Nc3 Bg7 4. Be3 Nf6 5. f3 O-O 6. Qd2 Re8 7. O-O-O e5 8. d5
Bf8 9. Bh6 Bxh6 10. Qxh6 c5 11. h4 Kh8 12. h5 Ng8 13. Qd2 g5 14. g4 h6 15. Nh3
f6 16. Kb1 a6 17. Ne2 b5 18. Nc1 Qb6 19. c4 bxc4 20. Bxc4 a5 21. Rh2 Ba6 22.
Qc3 Nd7 23. Nf2 Qb7 24. Rd2 Nb6 25. Bxa6 Qxa6 26. Nd1 c4 27. Rc2 Rec8 28. Ne3
Ne7 29. Rhd2 Rab8 30. Nd1 Rc5 31. Ne3 Na4 32. Qa3 c3 33. Qxa4 cxd2 34. Rxd2 Qb5
35. Qxb5 Rbxb5 36. Rc2 {(=)} Rxc2 37. Kxc2 Rc5+ 38. Kd2 Kg8 39. a4 Rc7 40. b3
Kf8 41. Nc4 Ke8 {(=)} 42. Nxd6+ Kd7 43. Nb5 Rb7 44. Nd3 Rb6 45. Nb2 Nc8 46. Nc4
Ra6 47. Ne3 Ne7 48. Kc3 Rb6 49. Nc4 Ra6 50. Ne3 Rb6 {(=)} 51. Kc4 Rb7 52. Kc5
Rb8 1/2-1/2

[Event "Xtracon Grand Master 2013"]
[Site "Asgaard Skole, Koge"]
[Date "2013.10.14"]
[Round "1.25"]
[White "Mølvig, Julius"]
[Black "Olsen, Michael Richard W"]
[Result "0-1"]
[WhiteElo "1893"]
[BlackElo "1967"]
[PlyCount "68"]
[EventDate "2013.??.??"]
[WhiteTeam "Roskilde Skakklub"]
[BlackTeam "Nørrebro Skakklub"]

1. d4 e6 2. c4 Nf6 3. Nf3 Be7 4. Nc3 d5 5. cxd5 exd5 6. Bf4 a6 7. e3 b6 8. Bd3
c5 9. O-O c4 10. Be2 b5 11. a3 Nc6 12. Ne5 Bb7 13. Bf3 Na5 14. Qc2 O-O 15. Rfe1
Re8 16. Rad1 Qb6 17. g4 h6 18. Kh1 Ne4 19. Nxe4 dxe4 20. Bxe4 f6 21. Nf3 Bb4
22. Bxb7 Qxb7 23. axb4 Qxf3+ 24. Kg1 Qxg4+ 25. Bg3 Nc6 26. Qd2 h5 27. Kh1 h4
28. Bd6 Qf3+ 29. Kg1 Rad8 30. Bc5 h3 31. Kf1 Ne5 32. Bb6 Ng4 33. Bc7 Qg2+ 34.
Ke2 Qxf2# 0-1

[Event "Xtracon Grand Master 2013"]
[Site "Asgaard Skole, Koge"]
[Date "2013.10.14"]
[Round "1.26"]
[White "Sørensen, Dick"]
[Black "Hansen, Verner"]
[Result "1-0"]
[WhiteElo "1974"]
[BlackElo "1903"]
[PlyCount "71"]
[EventDate "2013.??.??"]
[WhiteTeam "Frederiksberg Skakforening"]
[BlackTeam "Espergærde Skakklub"]

1. d4 d5 2. Nf3 e6 3. g3 c5 4. e3 Nc6 5. Bg2 Nf6 6. O-O Be7 7. b3 cxd4 8. exd4
Bd7 9. Bb2 Rc8 10. Nbd2 Na5 11. Ne5 Bb5 12. Re1 O-O 13. c3 Nd7 14. Ndf3 Ba6 15.
Nxd7 Qxd7 16. Ne5 Qd8 17. f4 Nc6 18. Qf3 Nxe5 19. fxe5 b5 20. Bf1 Qb6 21. b4
Bb7 22. a4 bxa4 23. Rxa4 a5 24. Rxa5 Ra8 25. Rea1 Rxa5 26. Rxa5 Ra8 27. Rxa8+
Bxa8 28. Qd3 f6 29. exf6 Bxf6 30. Qa6 Qxa6 31. Bxa6 e5 32. b5 exd4 33. cxd4 Bd8
34. Ba3 Kf7 35. Bc5 Bc7 36. b6 1-0

[Event "Xtracon Grand Master 2013"]
[Site "Asgaard Skole, Koge"]
[Date "2013.10.14"]
[Round "1.27"]
[White "Smidt-Nielsen, Henrik"]
[Black "Kristensen, Benny"]
[Result "1/2-1/2"]
[WhiteElo "1953"]
[BlackElo "1879"]
[PlyCount "60"]
[EventDate "2013.??.??"]
[WhiteTeam "Køge Skakklub"]
[BlackTeam "Skovbo Skakklub"]

1. c4 Nf6 2. Nc3 g6 3. e4 e5 4. g3 c5 5. Bg2 Nc6 6. Nge2 Bg7 7. O-O O-O 8. d3
d6 9. h3 Be6 10. Kh2 a6 11. Nd5 Ne7 12. Rb1 Nfxd5 13. cxd5 Bd7 14. f4 f5 15.
Be3 Qc7 16. Qd2 Rf7 17. b4 fxe4 18. dxe4 c4 19. fxe5 Bxe5 20. Rxf7 Kxf7 21. Bd4
Qd8 22. Bxe5 dxe5 23. Qc3 Qc7 24. Rf1+ Kg8 25. Qf3 Qd6 26. Qf7+ Kh8 27. Rf6
Qxb4 28. Rf3 Qd6 29. Rf6 Qb4 30. Rf3 Qd6 1/2-1/2

[Event "Xtracon Grand Master 2013"]
[Site "Asgaard Skole, Koge"]
[Date "2013.10.14"]
[Round "1.28"]
[White "Jørgensen, Mikkel"]
[Black "Jacobsen, Mikkel Manosri"]
[Result "1-0"]
[WhiteElo "1866"]
[BlackElo "1928"]
[PlyCount "137"]
[EventDate "2013.??.??"]
[WhiteTeam "Brønshøj Skakforening"]
[BlackTeam "BMS Skak"]

1. e4 d5 2. d4 c6 3. Nc3 dxe4 4. Nxe4 Bf5 5. Ng3 Bg6 6. Nf3 Nd7 7. Bd3 Qc7 8.
O-O Ngf6 9. c3 e6 10. Re1 Bd6 11. Nf5 Bxf5 12. Bxf5 O-O-O 13. Bd3 h6 14. a4 g5
15. g3 Nd5 16. c4 Nb4 17. Bf1 g4 18. Nh4 e5 19. c5 Bf8 20. Nf5 Nxc5 21. Qxg4
Nd7 22. dxe5 Nc2 23. Nd6+ Bxd6 24. exd6 Qxd6 25. Rd1 Qg6 26. Qxg6 fxg6 27. Rb1
g5 28. Bd2 Nd4 29. Bc3 Ne5 30. Kg2 Nef3 31. Rd3 Rhf8 32. Rbd1 c5 33. b4 Ne5 34.
R3d2 Nef3 35. Rb2 cxb4 36. Rxb4 Nc6 37. Rxd8+ Rxd8 38. Re4 Nd2 39. Bxd2 Rxd2
40. Re6 h5 41. Rh6 Rd4 42. Bb5 a6 43. Bxc6 bxc6 44. Rxc6+ Kb7 45. Rc5 g4 46. a5
Rb4 47. Rxh5 Rb5 48. Rh7+ Kc6 49. Rg7 Rb4 50. Rg5 Rb5 51. Rxg4 Rxa5 52. h4 Rh5
53. Kf3 a5 54. Rg6+ Kb5 55. Rg5+ Rxg5 56. hxg5 a4 57. g6 a3 58. g7 a2 59. g8=Q
a1=Q 60. Qd5+ Kb6 61. g4 Qc3+ 62. Kg2 Qg7 63. g5 Ka6 64. Qe6+ Kb5 65. g6 Qb7+
66. f3 Qa7 67. Qf7 Qe3 68. Qd5+ Kb4 69. Qe4+ 1-0

[Event "Xtracon Grand Master 2013"]
[Site "Asgaard Skole, Koge"]
[Date "2013.10.14"]
[Round "1.29"]
[White "Wang, Peter"]
[Black "Petrovski, Petruli"]
[Result "0-1"]
[WhiteElo "1941"]
[BlackElo "1864"]
[PlyCount "38"]
[EventDate "2013.??.??"]
[WhiteTeam "Næstved Skakklub"]
[BlackTeam "Brøndby Skakklub"]

1. e4 c5 2. Nf3 d6 3. d4 cxd4 4. Nxd4 Nf6 5. Nc3 a6 6. Bg5 e6 7. f4 Qb6 8. Nb3
Be7 9. Qf3 Nc6 10. O-O-O Qc7 11. Bd3 b5 12. g4 Bb7 13. Rhe1 b4 14. Ne2 Rc8 15.
h4 a5 16. Bxf6 gxf6 17. Bb5 Kf8 18. Ba4 Ne5 19. fxe5 Qxc2# 0-1

[Event "Xtracon Grand Master 2013"]
[Site "Asgaard Skole, Koge"]
[Date "2013.10.14"]
[Round "1.30"]
[White "Møller, Arne Vagn"]
[Black "Hansen, Rasmus Agertoft"]
[Result "0-1"]
[WhiteElo "1847"]
[BlackElo "1940"]
[PlyCount "106"]
[EventDate "2013.??.??"]
[WhiteTeam "Amager Skakforening"]
[BlackTeam "Skakklubben K41"]

1. e4 d6 2. d4 Nf6 3. Nc3 g6 4. Nf3 Bg7 5. Be2 Bg4 6. O-O O-O 7. Be3 Nc6 8. a3
Bxf3 9. Bxf3 e5 10. d5 Ne7 11. Ne2 Nd7 12. Ng3 b5 13. Be2 a6 14. a4 b4 15. Qd2
Qb8 16. Rfd1 Nc8 17. b3 Nc5 18. Rac1 Bf6 19. Bg5 Bg7 20. h4 f6 21. Be3 f5 22.
exf5 gxf5 23. Bxc5 dxc5 24. Qg5 Nd6 25. Bc4 Qd8 26. Qxd8 Rfxd8 27. f3 Bh6 28.
Rb1 Be3+ 29. Kf1 Kf7 30. Ke2 Bd4 31. Nh1 Rg8 32. g3 Rg7 33. Rf1 Ke7 34. Rbd1 h5
35. Rd3 a5 36. Rdd1 Rag8 37. Bd3 Kf6 38. Bc4 Rd8 39. Rd2 Nc8 40. Kd1 Nb6 41.
Rg2 Nxd5 42. Bxd5 Rxd5 43. g4 Bb2+ 44. Ke1 Bc3+ 45. Kf2 Rd2+ 46. Kg3 Rxg2+ 47.
Kxg2 hxg4 48. fxg4 Rxg4+ 49. Kh3 Rg8 50. Ng3 f4 51. Ne4+ Kf5 52. Nxc5 e4 53.
Nb7 e3 0-1

[Event "Xtracon Grand Master 2013"]
[Site "Asgaard Skole, Koge"]
[Date "2013.10.14"]
[Round "1.31"]
[White "Nielsen, Jens Holm"]
[Black "Keinicke, Mads"]
[Result "1-0"]
[WhiteElo "1844"]
[BlackElo "1693"]
[PlyCount "111"]
[EventDate "2013.??.??"]
[WhiteTeam "Amager Skakforening"]
[BlackTeam "Nørrebro Skakklub"]

1. Nc3 d5 2. e4 dxe4 3. Nxe4 Nf6 4. Nxf6+ exf6 5. d4 Be6 6. Nf3 a6 7. Bd3 c5 8.
O-O Be7 9. Be3 cxd4 10. Nxd4 Bd7 11. Re1 O-O 12. Qf3 Nc6 13. Nf5 Bxf5 14. Bxf5
Qc7 15. Qh3 g6 16. Bd3 Bd6 17. Rad1 Rfe8 18. Be2 Rad8 19. c3 Ne5 20. Rd4 Qd7
21. Qxd7 Rxd7 22. Red1 Red8 23. g3 Bb8 24. Rxd7 Rxd7 25. Rxd7 Nxd7 26. Bf3 b6
27. Bc6 Ne5 28. Bd5 Bc7 29. b4 Kf8 30. f4 Ng4 31. Bd4 Ke7 32. c4 Nh6 33. c5
bxc5 34. Bxc5+ Kd7 35. Bc4 Kc6 36. Bxa6 Bb6 37. Bxb6 Kxb6 38. Bc4 g5 39. a4 Nf5
40. a5+ Kb7 41. b5 Nd6 42. Bd5+ Ka7 43. Bc6 h6 44. Kf2 f5 45. Bd7 f6 46. Ke3
Nc4+ 47. Kd4 Nxa5 48. Bxf5 Kb6 49. Bd7 Nb3+ 50. Kd5 Nc5 51. Bc6 Nd3 52. f5 Ne5
53. Ke6 Ng4 54. h3 Nf2 55. Kxf6 Nxh3 56. Kg6 1-0

[Event "Xtracon Grand Master 2013"]
[Site "Asgaard Skole, Koge"]
[Date "2013.10.14"]
[Round "1.32"]
[White "Knudsen, Martin Mosgaard"]
[Black "Larsen, Preben R"]
[Result "1/2-1/2"]
[WhiteElo "1683"]
[BlackElo "1821"]
[PlyCount "84"]
[EventDate "2013.??.??"]
[WhiteTeam "Roskilde Skakklub"]
[BlackTeam "Roskilde Skakklub"]

1. e4 c5 2. Nf3 Nc6 3. d4 cxd4 4. Nxd4 e5 5. Nb3 Nf6 6. Nc3 Bb4 7. Qd3 d5 8. a3
Bxc3+ 9. bxc3 Nxe4 10. Be2 Be6 11. O-O b6 12. f3 Nd6 13. Re1 O-O 14. Kh1 Nc4
15. Qd1 Qe7 16. a4 Rfd8 17. Bxc4 dxc4 18. Nd2 a6 19. Qe2 b5 20. Ne4 Rab8 21.
axb5 axb5 22. Ba3 b4 23. cxb4 Nd4 24. Qf2 Nb5 25. c3 Rd3 26. Qb2 Ra8 27. Rec1
Qa7 28. Nc5 Rd6 29. Re1 f6 30. Nxe6 Rxe6 31. Red1 Nxa3 32. Ra2 Ra6 33. Rda1 Qd7
34. h3 R6a7 35. Rxa3 {(=)} Rxa3 36. Rxa3 Qd1+ 37. Kh2 Rxa3 38. Qxa3 Qb3 39. Qa1
Kf7 40. Qc1 Kg6 41. Qe3 h5 42. Qe4+ Kh6 1/2-1/2

[Event "Xtracon Grand Master 2013"]
[Site "Asgaard Skole, Koge"]
[Date "2013.10.14"]
[Round "1.33"]
[White "Rendlev, Niels Møller"]
[Black "Pawlak, Wojciech Zbigniew"]
[Result "0-1"]
[WhiteElo "1818"]
[BlackElo "1681"]
[PlyCount "136"]
[EventDate "2013.??.??"]
[WhiteTeam "Damhus Skakklub"]
[BlackTeam "Næstved Skakklub"]

1. f4 d5 2. Nf3 Nf6 3. g3 g6 4. d3 Bg7 5. Bg2 O-O 6. O-O c6 7. Nc3 Na6 8. h3 d4
9. Ne4 Nxe4 10. dxe4 Qb6 11. Kh2 Rd8 {(=)} 12. g4 Nc5 13. Nd2 Qc7 14. Kh1 Ne6
15. Nb3 c5 16. f5 Nf8 17. Bf4 Be5 18. Bxe5 Qxe5 19. Qd3 Bd7 20. Nd2 Bc6 21. Nc4
Qc7 22. Qf3 f6 {(=)} 23. Nd2 g5 24. b3 b5 25. Qf2 Rac8 26. h4 h6 27. hxg5 hxg5
28. Qf3 Nd7 29. Kg1 Kg7 30. Kf2 Ne5 31. Qg3 Nf7 32. Qf3 Ne5 33. Qg3 Nf7 34. Rh1
Qxg3+ 35. Kxg3 Rh8 36. Rxh8 Rxh8 37. Rh1 Rxh1 38. Bxh1 Nd6 39. Bf3 Kf7 40. e5
Bxf3 41. exd6 Bc6 42. dxe7 Kxe7 43. Kf2 Kd6 44. e3 dxe3+ 45. Kxe3 Ke5 46. a3
Bg2 47. c4 a6 48. b4 cxb4 49. axb4 bxc4 50. Nxc4+ Kd5 51. Nd2 Kc6 52. Kf2 Bd5
53. Ke3 Kb5 54. Kd4 Bg2 55. Kc3 Bh3 56. Ne4 Bxg4 57. Kb3 Kb6 58. Nxf6 Bxf5 59.
Kc4 Be6+ 60. Kc3 g4 61. Nxg4 Bxg4 62. Kb2 Kb5 63. Kb3 Be6+ 64. Ka3 Bd5 65. Kb2
Ka4 66. Kb1 Kb3 67. Kc1 Be4 68. Kd2 Kxb4 0-1

[Event "Xtracon Grand Master 2013"]
[Site "Asgaard Skole, Koge"]
[Date "2013.10.14"]
[Round "1.34"]
[White "Gade, Jens"]
[Black "Christophersen, David"]
[Result "0-1"]
[WhiteElo "1619"]
[BlackElo "1811"]
[PlyCount "32"]
[EventDate "2013.??.??"]
[WhiteTeam "Amager Skakforening"]
[BlackTeam "Allerød Skakklub"]

1. f4 d5 2. Nf3 Nf6 3. e3 c5 4. Be2 Nc6 5. O-O e6 6. b3 Bd6 7. Bb2 Qc7 8. g3 e5
9. fxe5 Nxe5 10. Nc3 Bh3 11. Nb5 Nxf3+ 12. Rxf3 Qd7 13. Nxd6+ Qxd6 14. Bxf6
gxf6 15. Rf4 Rg8 16. e4 Qxf4 0-1

[Event "Xtracon Grand Master 2013"]
[Site "Asgaard Skole, Koge"]
[Date "2013.10.14"]
[Round "1.35"]
[White "Nielsen, Kai Gylling"]
[Black "Fransson, Pia"]
[Result "1-0"]
[WhiteElo "1809"]
[BlackElo "1558"]
[PlyCount "69"]
[EventDate "2013.??.??"]
[WhiteTeam "Roskilde Skakklub"]

1. Nf3 Nf6 2. d4 g6 3. c4 Bg7 4. Nc3 O-O 5. e4 d6 6. Be2 c5 7. d5 e6 8. O-O Re8
9. Bg5 h6 10. Bh4 g5 11. Bg3 Nh5 12. Qc2 exd5 13. exd5 Nxg3 14. hxg3 Na6 15. a3
Nc7 16. Bd3 a6 17. a4 Bd7 18. Rfe1 Qf6 19. Ne4 Rxe4 20. Bxe4 b5 21. axb5 axb5
22. Rxa8+ Nxa8 23. Ra1 Nb6 24. Ra6 Qd8 25. b3 bxc4 26. bxc4 Bc8 27. Ra7 Qe8 28.
Nd2 Bd7 29. Qb3 f5 30. Qxb6 fxe4 31. Nf1 Bg4 32. Qb7 Qe5 33. Ne3 Be2 34. Nf5
Bf6 35. Nxh6+ 1-0

[Event "Xtracon Grand Master 2013"]
[Site "Asgaard Skole, Koge"]
[Date "2013.10.14"]
[Round "1.36"]
[White "Elzubeir, Omar"]
[Black "Ozkan, Salih"]
[Result "0-1"]
[WhiteElo "1448"]
[BlackElo "1797"]
[PlyCount "104"]
[EventDate "2013.??.??"]
[WhiteTeam "Frederiksværk Skakklub"]

1. e4 e5 2. Bc4 Nf6 3. Nc3 Bb4 4. d3 h6 5. a3 Bxc3+ 6. bxc3 O-O 7. Ne2 d6 8.
O-O Bg4 9. h3 Be6 10. Bb3 c5 11. f4 c4 12. Ba2 exf4 13. Nxf4 b5 14. Be3 Nc6 15.
a4 a6 16. Nh5 Nh7 17. dxc4 bxc4 18. Bd4 Ne5 19. Nf4 Rc8 20. Qe2 Qd7 21. Bxe5
dxe5 22. Nxe6 Qxe6 23. Rab1 Rc5 24. Rb4 Rfc8 25. Rd1 a5 26. Rb7 Nf6 27. Rdb1
Qc6 28. R1b5 Qxe4 29. Qf2 Qd5 30. Rxc5 Qxc5 31. Qxc5 Rxc5 32. Rb5 Nd7 33. Rxc5
Nxc5 34. Bxc4 Nxa4 35. Kf2 Nxc3 36. Ke3 Kf8 37. Kd3 Nd1 38. Bd5 f5 39. c4 Ke7
40. Kd2 Nb2 41. Kc2 Na4 42. Bc6 Nc5 43. Kc3 Kd6 44. Bb5 g5 45. Be8 e4 46. Kd4
Ne6+ 47. Ke3 Ke5 48. Bb5 Nc5 49. g3 f4+ 50. gxf4+ gxf4+ 51. Ke2 f3+ 52. Ke3 a4
0-1

[Event "Xtracon Grand Master 2013"]
[Site "Asgaard Skole, Koge"]
[Date "2013.10.14"]
[Round "1.37"]
[White "Norlander, Svante"]
[Black "Hein, Jacob"]
[Result "0-1"]
[WhiteElo "1766"]
[BlackElo "1459"]
[PlyCount "84"]
[EventDate "2013.??.??"]
[BlackTeam "Espergærde Skakklub"]

1. e4 c5 2. Nf3 d6 3. d4 cxd4 4. Nxd4 Nf6 5. Nc3 a6 6. h3 Nbd7 7. Be3 b5 8. Nd5
Bb7 9. Nxf6+ Nxf6 10. Bd3 Nxe4 11. O-O Nc5 12. Be2 e5 13. Nxb5 Ne6 14. Nc3 Be7
15. Nd5 Bg5 16. Bb6 Qb8 17. Bg4 Bd8 18. Be3 O-O 19. h4 Bxh4 20. Nb6 f5 21. Bh3
Rf7 22. Nxa8 Bxa8 23. f3 Bg5 24. Bxg5 Nxg5 25. Qd3 Qb6+ 26. Kh2 Nxh3 27. Rad1
d5 28. gxh3 Qd6 29. Qb3 h5 30. Qa4 Re7 31. b4 e4+ 32. f4 e3 33. Rde1 d4 34. b5
Qd5 35. Rg1 Qd6 36. Qc4+ Kh7 37. Rgf1 g5 38. Qc8 Qd5 39. Rg1 Rg7 40. Qe8 Qf3
41. Ref1 Qe2+ 42. Kg3 h4# 0-1

[Event "Xtracon Grand Master 2013"]
[Site "Asgaard Skole, Koge"]
[Date "2013.10.14"]
[Round "1.38"]
[White "Nielsen, Bjørn"]
[Black "Ottesen, Søren Rud"]
[Result "0-1"]
[WhiteElo "1431"]
[BlackElo "1757"]
[PlyCount "114"]
[EventDate "2013.??.??"]
[WhiteTeam "Nørrebro Skakklub"]
[BlackTeam "Silkeborg Skakklub Af 1930"]

1. e4 c5 2. Nc3 d6 3. Nf3 Nf6 4. Bb5+ Nc6 5. O-O Bd7 6. Re1 e5 7. Bf1 Be7 8. d3
h6 9. Ne2 Bg4 10. Ng3 Nd4 11. Be2 Nxe2+ 12. Qxe2 O-O 13. Qe3 Nh7 14. d4 cxd4
15. Qd3 Rc8 16. Bd2 Qb6 17. Rab1 Bxf3 18. gxf3 Bg5 19. Nf1 Qd8 20. Kh1 Qd7 21.
Ng3 Bxd2 22. Qxd2 Ng5 23. Qd3 Qh3 24. Rg1 g6 25. Rg2 Kh7 26. Rbg1 Rg8 27. Qb3
Rc7 28. Qd3 Ne6 29. Nf1 Nf4 30. Rg3 Nxd3 31. Rxh3 Nxf2+ 32. Kg2 Nxh3 33. Kxh3
Rxc2 34. Rg2 Rxg2 35. Kxg2 Rc8 36. Ng3 Rc2+ 37. Kh3 d3 38. Nf1 d2 39. Ne3 Rc1
40. Kg4 d1=Q 41. Nxd1 Rxd1 42. h4 Rd2 43. f4 exf4 44. Kxf4 Rxb2 45. e5 dxe5+
46. Kxe5 Rxa2 47. Kf6 Rf2+ 48. Ke7 b5 49. h5 b4 50. Kf8 gxh5 51. Ke8 b3 52. Kf8
b2 53. Ke8 Kg7 54. Ke7 b1=Q 55. Kd7 Qb7+ 56. Kd8 Rd2+ 57. Ke8 Qd7# 0-1

[Event "Xtracon Grand Master 2013"]
[Site "Asgaard Skole, Koge"]
[Date "2013.10.14"]
[Round "1.39"]
[White "Petersen, Henry"]
[Black "Stuhr, Finn"]
[Result "1-0"]
[WhiteElo "1405"]
[BlackElo "1726"]
[PlyCount "45"]
[EventDate "2013.??.??"]
[WhiteTeam "Køge Skakklub"]
[BlackTeam "Køge Skakklub"]

{Played with reverse colours.} 1. e4 e5 2. Nf3 Nc6 3. Bc4 Nf6 4. d3 Be7 5. O-O
d5 6. exd5 Nxd5 7. h3 Na5 8. Bxd5 Qxd5 9. Nc3 Qd6 10. Re1 f6 11. Nh4 Bd7 12.
Qh5+ g6 13. Nxg6 Rg8 14. Nxe5+ Kf8 15. Nxd7+ Qxd7 16. Bh6+ Rg7 17. Bxg7+ Kxg7
18. Qxa5 b6 19. Qd5 Qe8 20. Rxe7+ Qxe7 21. Qxa8 a5 22. Qe4 Qd7 23. Re1 1-0

[Event "Xtracon Grand Master 2013"]
[Site "Asgaard Skole, Koge"]
[Date "2013.10.14"]
[Round "1.40"]
[White "Severinsen, Frank"]
[Black "Tolba, Henri"]
[Result "1-0"]
[WhiteElo "1100"]
[BlackElo "1716"]
[PlyCount "87"]
[EventDate "2013.??.??"]
[WhiteTeam "Skakklubben K41"]
[BlackTeam "Frederiksberg Skakforening"]

1. e4 e5 2. d4 exd4 3. c3 dxc3 4. Bc4 Qe7 5. Nxc3 c6 6. Nge2 b5 7. Bb3 b4 8.
Na4 Qxe4 9. O-O Qg4 10. Re1 Be7 11. Nc5 Qf5 12. Nd3 Ba6 13. Bc2 Bxd3 14. Bxd3
Qf6 15. Ng3 Kd8 16. Ne4 Qd4 17. Qb3 Qd5 18. Bc4 Qf5 19. Bxf7 d5 20. Bxg8 Rxg8
21. Ng3 Qf7 22. Be3 Nd7 23. Qa4 Kc7 24. Rac1 c5 25. Qa5+ Nb6 26. Bxc5 Bxc5 27.
Qxc5+ Kb8 28. Qd6+ Kb7 29. Re7+ Qxe7 30. Qxe7+ Ka6 31. Qxb4 Rac8 32. Rxc8 Rxc8
33. h3 Rc4 34. Qe7 Rc1+ 35. Kh2 Rc2 36. f4 d4 37. Qe4 Rxb2 38. Qxd4 Rxa2 39.
Qxg7 Nd5 40. Qxh7 Ra5 41. Ne4 Ne3 42. Qg6+ Kb5 43. Nd6+ Kc6 44. Nc4+ 1-0